00389nam a2200133Ia 4500008004100000082001500041100002100056245002800077260002000105600000800125942000700133952009800140999001700238241002s9999 xx 000 0 und d a709.04 SCH aSchlenoff, Noman 0aArt in the Modern World aNew York:c1965 aArt cUC 00104070aUITUbUITUd1994-01-01l0o709.04 SCHpUC142r2024-10-02 09:31:09w2024-10-02yUC c18469d18469